000 00416nam a2200157 4500
003 SEACOMEC
005 20241003125630.0
008 241003b |||||||| |||| 00| 0 eng d
020 _a 9789391818760
_c175.00
040 _aSEACOMEC
082 _a005.463
_bG495
100 _aCHATTOPADHYAY, SANTANU
245 _aCOMPILER DESIGN/
_cSANTANU CHATTOPADHYAY
260 _aNew Delhi
_bPrentice Hall
_c2006
942 _cBOOK
999 _c1734
_d1734